| 000 | 00611nam a22001937a 4500 | ||
|---|---|---|---|
| 999 |
_c15603 _d15603 |
||
| 003 | AR-CdUCM | ||
| 008 | 190429b ||||| |||| 00| 0 spa d | ||
| 040 |
_aMUNICIPALIDAD PROVINCIAL DEL CUSCO _cBIBLIOTECA MUNICIPAL DEL CUSCO |
||
| 082 |
_a869.56 / _bM77 |
||
| 100 |
_aMontoya Toro, Jorge _914872 |
||
| 245 |
_aLa nuevas poetisas de América : _bnúmero cinco / |
||
| 260 |
_aAntioquia : _bUniversidad de Antioquia, |
||
| 300 |
_a14 páginas ; _c24 cm. |
||
| 505 | _aContenido: Poesías | ||
| 650 |
_aLiteratura poética _93025 |
||
| 650 |
_aPoesía _9139 |
||
| 942 |
_2ddc _cLIBROS |
||
| 945 |
_aacv _d2019-04-29 |
||